LEADER 01151nam a2200301 i 4500 001 991003876689707536 005 20020506110143.0 008 001229s1992 it ||| | ita 020 $a8871194950 035 $ab10567057-39ule_inst 035 $aEXGIL128389$9ExL 040 $aDip.to Filol. Ling. e Lett.$bita 082 0 $a850.9 100 1 $aDe Robertis, Giuseppe$0151750 245 10$aPer Giuseppe De Robertis /$ca cura di Gino Tellini 260 $aRoma :$bBulzoni,$c1992. 300 $a123 p. ;$c24 cm. 490 0 $aStudi e testi Serie di filologia e letteratura 500 $aIn testa al front.: Universita degli studi di Firenze, Dipartimento di italianistica 500 $aRelazioni presentate ad un incontro di studio tenuto a Firenze nel 1990 650 4$aDe Robertis, Giuseppe 700 1 $aTellini, Gino 907 $a.b10567057$b23-02-17$c27-06-02 912 $a991003876689707536 945 $aLE008 Cr Q VII 48$g1$i2008000018818/P92$lle008$o-$pE0.00$q-$rl$s- $t0$u1$v0$w1$x0$y.i10650040$z27-06-02 996 $aPer Giuseppe De Robertis$9236038 997 $aUNISALENTO 998 $ale008$b01-01-00$cm$da $e-$fita$git $h0$i1